| 000 | 00390nam a2200133Ia 4500 | ||
|---|---|---|---|
| 008 | 230917s9999||||xx |||||||||||||| ||und|| | ||
| 040 |
_e94822 _aMAIN |
||
| 041 | _aEnglish | ||
| 082 | _a610 B31T | ||
| 100 | _aBatra, Munish | ||
| 245 | 0 | _aTolerance and short term effects of low dose and high dose lisinopril therapy in patients of cognestive heart failure | |
| 300 | _a85 p. | ||
| 942 | _cTH | ||
| 999 |
_c88644 _d88644 |
||